000 00444cam a2200181ua 4500
001 1911
008 110811n ii |||gr||||Z||||||eng
040 _cMAIN
082 _a370
100 _aDas, Lakshahira,
_eAuthor.
245 1 _aText book of education
_cby Lakshahira Das
250 _a1st.
260 _aGuahati:
_bAmrita Prakashan,999.
300 _a606p:
_c23cm.
653 _aEducation
653 _aText book of education
942 _cBK
999 _c1786
_d1786